00399nam a2200157Ia 4500008004100000020001500041041001200056082001600068100001200084245006300096250001300159260002600172300000900198650001600207700001800223221030s9999 xx 000 0 und d a8176350591 aEnglish a105.23bBur aR. Burk 0aUNIX Unleashed Internet Editioncby R. Burk, D. B. Horvath aInternet bTechmediaaPunec1998 a1114 aBE Computer aD. B. Horvath